Every Song by Metallica - Statistics

General Stats
  • This quiz has been taken 192 times
    146 since last reset
  • The average score is 49 of 127
Answer Stats
Hint Answer % Correct
Master of Puppets(1986) Master of Puppets
90%
...And Justice for All(1988) One
85%
Metallica(1991) Enter Sandman
84%
Ride the Lightning(1984) Ride the Lightning
82%
Kill 'Em All(1983) Seek & Destroy
78%
...And Justice for All(1988) ...And Justice for All
75%
St. Anger(2003) St. Anger
73%
Master of Puppets(1986) Battery
71%
Ride the Lightning(1984) For Whom the Bell Tolls
71%
Metallica(1991) Nothing Else Matters
71%
Ride the Lightning(1984) Creeping Death
68%
Metallica(1991) The Unforgiven
67%
Reload(1997) The Unforgiven II
67%
Death Magnetic(2008) The Unforgiven III
67%
...And Justice for All(1988) Blackened
64%
Ride the Lightning(1984) Fade to Black
64%
Kill 'Em All(1983) Hit the Lights
64%
Ride the Lightning(1984) Fight Fire with Fire
63%
Master of Puppets(1986) Orion
63%
Reload(1997) Fuel
62%
Hardwired... to Self-Destruct(2016) Hardwired
62%
Metallica(1991) Sad but True
62%
Ride the Lightning(1984) The Call of Ktulu
62%
Ride the Lightning(1984) Trapped Under Ice
62%
Master of Puppets(1986) Leper Messiah
60%
Master of Puppets(1986) Welcome Home (Sanitarium)
60%
Kill 'Em All(1983) Whiplash
60%
Master of Puppets(1986) Damage, Inc.
58%
Kill 'Em All(1983) Motorbreath
58%
72 Seasons(2023) 72 Seasons
56%
Ride the Lightning(1984) Escape
56%
Kill 'Em All(1983) (Anesthesia) - Pulling Teeth
53%
Metallica(1991) Of Wolf and Man
53%
Master of Puppets(1986) The Thing That Should Not Be
53%
...And Justice for All(1988) Harvester of Sorrow
52%
Metallica(1991) Wherever I May Roam
52%
Master of Puppets(1986) Disposable Heroes
51%
Load(1996) King Nothing
51%
...And Justice for All(1988) To Live is to Die
49%
Metallica(1991) The God That Failed
48%
Metallica(1991) Don't Tread on Me
47%
...And Justice for All(1988) Dyers Eve
47%
Kill 'Em All(1983) Metal Militia
47%
Metallica(1991) My Friend of Misery
47%
Kill 'Em All(1983) The Four Horseman
47%
Reload(1997) The Memory Remains
47%
Kill 'Em All(1983) Jump in the Fire
45%
Load(1996) Ain't My Bitch
44%
...And Justice for All(1988) Eye of the Beholder
44%
...And Justice for All(1988) The Shortest Straw
44%
Load(1996) 2 X 4
42%
Metallica(1991) Holier Than Thou
42%
S&M(1999) No Leaf Clover
42%
Death Magnetic(2008) The Day That Never Comes
42%
...And Justice for All(1988) The Frayed Ends of Sanity
42%
Non-Album(2000) I Disappear
41%
Kill 'Em All(1983) Phantom Lord
41%
Load(1996) Until It Sleeps
41%
72 Seasons(2023) Lux Æterna
40%
Metallica(1991) Through the Never
40%
Reload(1997) Fixxxer
37%
St. Anger(2003) Frantic
37%
Load(1996) Mama Said
37%
Load(1996) The Outlaw Torn
37%
Metallica(1991) The Struggle Within
37%
Load(1996) Bleeding Me
36%
Load(1996) The House Jack Built
36%
Load(1996) Hero of the Day
34%
Kill 'Em All(1983) No Remorse
34%
Hardwired... to Self-Destruct(2016) Atlas, Rise!
33%
Load(1996) Ronnie
32%
Death Magnetic(2008) Cyanide
29%
Hardwired... to Self-Destruct(2016) Moth into Flame
29%
Reload(1997) Devil's Dance
27%
St. Anger(2003) Some Kind of Monster
27%
Reload(1997) Where the Wild Things Are
26%
Reload(1997) Low Man's Lyric
25%
Reload(1997) Slither
25%
Death Magnetic(2008) That Was Just Your Life
25%
Load(1996) Thorn Within
25%
Load(1996) Cure
23%
St. Anger(2003) Dirty Window
23%
72 Seasons(2023) Inamorata
23%
Death Magnetic(2008) My Apocalypse
23%
Hardwired... to Self-Destruct(2016) Spit Out the Bone
23%
St. Anger(2003) All Within My Hands
22%
Reload(1997) Bad Seed
22%
Reload(1997) Carpe Diem Baby
22%
72 Seasons(2023) If Darkness Had a Son
22%
Load(1996) Poor Twisted Me
22%
Death Magnetic(2008) All Nightmare Long
21%
St. Anger(2003) Invisible Kid
21%
St. Anger(2003) The Unnamed Feeling
21%
Reload(1997) Attitude
19%
Beyond Magnetic(2011) Hate Train
19%
S&M(1999) – Human
19%
Hardwired... to Self-Destruct(2016) ManUNkind
19%
Reload(1997) Prince Charming
19%
72 Seasons(2023) Screaming Suicide
19%
St. Anger(2003) Sweet Amber
19%
Load(1996) Wasting My Hate
19%
Death Magnetic(2008) Broken, Beat & Scarred
18%
Hardwired... to Self-Destruct(2016) Confusion
18%
Hardwired... to Self-Destruct(2016) Now That We're Dead
18%
Death Magnetic(2008) Suicide & Redemption
18%
Death Magnetic(2008) The Judas Kiss
18%
Reload(1997) Better Than You
16%
Hardwired... to Self-Destruct(2016) Halo on Fire
16%
Hardwired... to Self-Destruct(2016) Murder One
16%
St. Anger(2003) Purify
16%
St. Anger(2003) Shoot Me Again
16%
Hardwired... to Self-Destruct(2016) Am I Savage?
15%
Hardwired... to Self-Destruct(Deluxe)(2016) Lords of Summer
15%
72 Seasons(2023) Shadows Follow
15%
72 Seasons(2023) Sleepwalk My Life Away
15%
72 Seasons(2023) Too Far Gone?
15%
72 Seasons(2023) You Must Burn!
15%
72 Seasons(2023) Crown of Barbed Wire
14%
72 Seasons(2023) Room of Mirrors
14%
Death Magnetic(2008) The End of the Line
14%
Beyond Magnetic(2011) Just a Bullet Away
12%
Hardwired... to Self-Destruct(2016) Dream No More
11%
St. Anger(2003) My World
11%
Beyond Magnetic(2011) Rebel of Babylon
11%
Beyond Magnetic(2011) Hell and Back
10%
Hardwired... to Self-Destruct(2016) Here Comes Revenge
10%
72 Seasons(2023) Chasing Light
8%
No matching quizzes found
Score Distribution
Percent of People with Each Score
Percentile by Number Answered
Your Score History
You have not taken this quiz since the last reset